000 00361 a2200157 4500
001 153234
040 _cEscola São Tomás de Aquino
100 _aLADEIRA, Julieta de Godoy
240 1 0 _aAs mil e uma noites
_lpor
245 1 0 _aAs mil e uma noites
300 _a128
362 0 _a2013
440 1 _aScipione
697 _a*LITERATURA JUVENIL
942 _cBK
999 _c153234
_d153234